000 00418nam a2200181Ia 4500
001 4093
005 20260306145730.0
008 260306t2003||||xx |||||||||||||| ||spa||
041 _aESP
082 _a306.85
_bH12 Nº 65
100 _aAguiló, Alfonso
_eAUT
245 0 _aEducar el carácter
260 _c2003
300 _a282 páginas :
_c19 cm.
650 _aGEN
654 _aCED
942 _cLIB
_dJUS
_fJUS
_2ddc
_n
999 _c4093
_d4093